000 02571nam a2200337 i 4500
001 768714001
003 CO-MdFUSB
005 20210906155539.0
007 ta
008 200520t2011 mx |||| |||| 00| 0 spa d
020 _a9786071111715
040 _aCO-MdFUSB
_bspa
_cCO-MdFUSB
_dCO-MdFUSBC
_erda
041 _aspa
082 _223
_a863
_bF954
100 _aFuentes, Carlos.
_eautor
245 3 _aLa gran novela latinoamericana
_c/ Carlos Fuentes
250 _aPrimera edición
264 1 _aMéxico :
_bAlfaguara,
_c[2011]
264 4 _c©2011
300 _c439 páginas ;
_a24 cm
336 _2rdacontent
_atexto
_btxt
337 _2rdamedia
_asin mediación
_bn
338 _2rdacarrier
_avolumen
_bnc
505 _aAdvertencia pre-ibérica -- Descubrimiento y conquista -- La cultura colonial -- De la colonia a la independencia : Machado de Assis -- Rómulo Gallegos : la naturaleza impersonal -- La revolución mexicana -- Borges : la plata del rio -- Rio arriba : Alejo Carpentier -- Onetti -- Julio Cortázar y la sonrisa de Erasmo -- José Lezama Lima : cuerpo y palabra del barroco -- García Márquez : la segunda lectura -- Un tiempo sin héroes : Vargas Llosa -- José Donoso, del boom al bumerang -- El bumerang -- El post-boom (1) -- El crack -- El post-boom (2) -- Nélida Pinon en la republica de los sueños -- Juan Goytisolo, persona grata -- Primer final mexicano : quintero de damas -- segundo final mexicano : tercia de caballeros -- Palabras finales.
520 2 _aEste ensayo propone un recorrido por la evolución de la novela en Latinoamérica, desde el descubrimiento del continente hasta nuestros días. Quienes emprendan esta ruta hallarán en ella a las grande figuras de la novela latinoamericana y sus temas constantes: la naturaleza salvaje, los conflictos sociales, el dictador y la barbarie, la épica del desencanto, el mundo mágico de mito y lenguaje, pero sobre todo su vocación de canibalizar y carnavalizar la historia, convirtiendo el dolor en fiesta, creando formas literarias y artísticas entrometidas unas en las otras, como lo son las de Borges, Neruda y Cortázar, sin respeto a reglas o géneros. Literatura de textos prestados, permutados, mímicos, payasos. Textos en blanco, asombrados entre el desafío del espacio de una página, lenguaje que habla del lenguaje, de Sor Juana y de Sandoval y Zapata, a José Gorostiza y a José Lezama Lima.
650 7 _2embne
_92265
_aLiteratura hispanoamericana
653 _aNovela Mexicana.
653 _aLiteratura Mexicana.
942 _cBK
945 _aDani
999 _c65883
_d65883